000 01097nam a2200301 i 4500
003 DO-SdBNP
005 20250526100345.0
007 ta
008 250421b2024 dr a|||| |||| 00| 0 spa d
020 _a9789945501827
040 _aDO-SdBNP
_bspa
_cBNPHU
_erda
041 _aspa
082 4 _axxx
_bS211c
_222
100 1 _aSánchez Martínez, Fernando,
_d1944-
_eautor
_4aut.
_91573
245 1 3 _aEl colmadón :
_bla psicoterapia del dominicano /
_cFernando Sánchez Martínez, Leticia Ubiñas López
264 4 _aSanto Domingo :
_bEditora Universitaria, UASD,
_c©2024.
300 _a223 páginas :
_bilustraciones ;
_c21 cm.
336 _atexto
_btxt
_2rdacontent
337 _asin mediación
_bn
_2rdamedia
338 _avolumen
_bnc
_2rdacarrier
500 _aIncluye datos biográficos de los autores en la contracubierta
500 _aIncluye referencias bibliográficas y notas al pie de las páginas
504 _aBibliografía: páginas 187-192
590 _aInventariado, 2025 LP
700 1 _aLeticia, Ubiñas,
_d1949-
_eautor
_4aut.
_987481
910 _aLP
942 _2ddc
_cLBS1
999 _c58483
_d58483